Задочен курс по управление на малкия бизнес (Запис номер 103980)
[ съкратено ]
| 000 -Лидер | |
|---|---|
| Контролно поле с фиксирана дължина | nam a22 a 4500 |
| 003 - Код на организацията, давaща контролен номер | |
| Контролно поле | BLK |
| 005 - Дата и час на последна редакция | |
| Контролно поле | 20230322163410.0 |
| 008 - Елементи от данни с фиксирана дължина | |
| fixed length control field | 180409b bul|||||r ||||||| ||bul|| |
| 010 ## - Наследен системен номер | |
| LC control number | KNG00109076000 |
| 020 ## - Международен стандартен номер на книга ISBN | |
| Международен стандартен номер на книга ISBN | 954-8235-01-3 |
| 040 ## - Източник на каталожния запис | |
| Идентификатор на билиотеката - собственик на записа | BLK |
| 041 ## - Код за език | |
| Код за езика на текст/звукозапис или на отделно заглавие | Български |
| Код за езика КДБФ | Български |
| 080 ## - УДК | |
| Текстов определител УДК | Форми на предприятията в зависимост от отношението към собствеността... |
| УДК код - определител по УДК | 334.72 |
| УДК определител | .008(076) |
| УДК - код + определител | 334.72.008(076) |
| 080 ## - УДК | |
| Текстов определител УДК | Управление на предприятията. Организация на производството, търговията, транспорта и съобщенията. Полиграфическа промишленост и издателско дело |
| УДК код - определител по УДК | 005 |
| УДК определител | .012(076) |
| УДК - код + определител | 005.012(076) |
| 100 1# - Редна дума - Автор | |
| Автор | Петров, Иван |
| Авторска отговорност | първи автор |
| Автор - информация (биография) | Иванов, Иван Петров |
| R(LIN) | 364739 |
| 139 ## - Редно поле | |
| Редна дума | Петров, Иван |
| Авторски знак | Петро - П 47 |
| 245 10 - Сведения за заглавието | |
| Заглавие | Задочен курс по управление на малкия бизнес |
| Подзаглавни данни | Практико-приложно пособие с разяснения, консултантски съвети, примери : В 4 ч. : Ч. 1 - |
| Редно поле (дума) | Иван Петров. |
| Том | Ч. 1 |
| Заглавие на том | Правни аспекти, счетоводство - едностранно и двустранно, социални осигуровки - коментари, въпроси и отговори |
| 257 ## - Страна на издаване | |
| Страна на създаване/издаване | България |
| 260 ## - Област на издателските данни | |
| Място на издаване, разпространение и проч. | Варна |
| Име на издателя, разпространителя и проч. | ИКО-КОНСУЛТ |
| Година на издаване | 1992 - |
| 9 (RLIN) | 211710 |
| Издателство - префикс ISBN | 954-8235- |
| 300 ## - Физическа характеристика | |
| Размери/Мащаб | 21 см |
| 380 ## - Жанр | |
| Жанр | Обществени науки |
| 650 #4 - Допълнително описание по предмет – тема | |
| Основно описание – тема или топоним | Фирми - управление |
| 9 (RLIN) | 243718 |
| 653 ## - Ключова дума – ненормативна | |
| Ключова дума | фирми |
| 653 ## - Ключова дума – ненормативна | |
| Ключова дума | управление |
| 760 1# - Описание на основната серия | |
| Редна дума на основното описание | Петров, Иван |
| Място на издаване, издател и година | Ико-консулт, 1992 |
| Страници - том | 158 с. : с табл. |
| Заглавие | Ч. 1 Правни аспекти, счетоводство - едностранно и двустранно, социални осигуровки - коментари, въпроси и отговори |
| 852 ## - Местоположение | |
| Форматна сигнатура | Цб 170969 |
| Фондова буква | Хранилище |
| 856 4# - Електронен адрес и достъп | |
| Електронен формат | pdf - файл |
| Инструкция (цена за достъп) | 0.00 |
| Права за достъп | disable |
| 856 4# - Електронен адрес и достъп | |
| Електронен формат | pdf - файл |
| Инструкция (цена за достъп) | 0.00 |
| Права за достъп | disable |
| 999 ## - СИСТЕМНИ КОНТРОЛНИ НОМЕРА | |
| Koha biblionumber | 103980 |
| Koha biblioitemnumber | 103980 |
| 942 ## - АРТИКУЛИ | |
| Вид на библиотечния материал | Книги |
| Скрит в OPAC | Не |
| Периодичен библиозапис | Да |
| 944 ## - СЪЗДАВАНЕ И РЕДАКЦИЯ на ЗАПИСА | |
| Създаване/Редакция | Създаване |
| Дата на регистрацията/редакция | 20.11.2003 |
| Служител, извършил регистрацията/редакцията | Цветанка_Енчева |
| 944 ## - СЪЗДАВАНЕ И РЕДАКЦИЯ на ЗАПИСА | |
| Създаване/Редакция | Редакция |
| Дата на регистрацията/редакция | 04.12.2003 |
| 999 ## - СИСТЕМНИ КОНТРОЛНИ НОМЕРА | |
| Koha biblioitemnumber | 103980 |
| 999 ## - СИСТЕМНИ КОНТРОЛНИ НОМЕРА | |
| Koha biblioitemnumber | 103980 |
| Код за отписване | Код за изгубен артикул | Източник на класификационната схема | Код за повреда | Коз за рестрикции | Код за отдаване | Артикулен № | Име на библиотеката - собственик | Име на библиотеката, в която се намира в момента | Статус (Текущо местоположение) | Дата на вписване в системата | Местоположение - отдел | Цена в лева | Инвентарен номер | Систематично азбучна сигнатура | Баркод | Номер на екземпляра | Цена в евро | Служебна бележка | Служебен тип на артикула |
|---|---|---|---|---|---|---|---|---|---|---|---|---|---|---|---|---|---|---|---|
| Изтеглен | Не е изгубен | Universal Decimal Classification | Не е повреден | без рестрикции | заемане за дома | 167969 | Регионална библиотека "Любен Каравелов" Русе | Регионална библиотека "Любен Каравелов" Русе | Заемна - подръчен фонд | 2003-11-20 | Заемна - подръчен фонд | 2.50 | 120000680260 | П 334.7/П 47 | 120000680260 | 1 | 1.28 | Дост: DA Вид: А N: 29 Дата: 19.11.2003 Дата инв: 06.02.2018 Бележки инв: П2018 | Книги |
| Не е изгубен | Universal Decimal Classification | Не е повреден | без рестрикции | ползва се в читалня | 167970 | Регионална библиотека "Любен Каравелов" Русе | Регионална библиотека "Любен Каравелов" Русе | Хранилище | 2001-01-01 | Хранилище | 0.00 | 574891 | Цб 170969 | 120000574891 | 2 | 0.00 | Дост: Dp Вид: Д N: стар фонд Дата: 01.01.2001 | Книги | |
| Не е изгубен | Universal Decimal Classification | Не е повреден | без рестрикции | заемане за дома | 167971 | Регионална библиотека "Любен Каравелов" Русе | Регионална библиотека "Любен Каравелов" Русе | Заемна - подръчен фонд | 2001-01-01 | Заемна - подръчен фонд | 0.88 | 577440 | П 334.7/П 47 | 120000577440 | 3 | 0.45 | Дост: Pk Вид: Ф N: стар фонд Дата: 01.01.2001 Дата инв: 06.02.2018 Бележки инв: П2018 | Книги | |
| Изтеглен | Не е изгубен | Universal Decimal Classification | Не е повреден | без рестрикции | заемане за дома | 167972 | Регионална библиотека "Любен Каравелов" Русе | Регионална библиотека "Любен Каравелов" Русе | Заемна - подръчен фонд | 2001-01-01 | Заемна - подръчен фонд | 25.00 | 577441 | П 334.7/П 47 | 577441 | 4 | 12.78 | Дост: Pk Вид: Ф N: стар фонд Дата: 01.01.2001 Дата инв: 06.02.2018 Бележки инв: П2018 | Книги |